Yakkos World - Statistics

General Stats
  • This quiz has been taken 24 times
  • The average score is 66 of 160
Answer Stats
Hint Answer % Correct
Usa
94%
Canada
78%
Haiti
78%
Jamaica
78%
Mexico
78%
Panama
78%
Belize
67%
Brazil
67%
Chile
67%
Cuba
67%
El Salvador
67%
And French Guiana
67%
Peru
67%
Then Argentina
61%
Bolivia
61%
Colombia
61%
And Ecuador
61%
And Still Guatemala
61%
Guyana
61%
Honduras
61%
Paraguay
61%
Suriname
61%
Uruguay
61%
Barbados
56%
Costa Rica
56%
And Germany
56%
Nicaragua
56%
Norway
56%
Republic Dominican
56%
And Sweden
56%
Venezuela
56%
Albania
50%
Bahamas
50%
Denmark
50%
And Finland
50%
And Guam
50%
Ireland
50%
San Juan
50%
and Spain
50%
Tobago
50%
Austria
44%
Belgium
44%
And China
44%
Egypt
44%
England
44%
France
44%
And Greece
44%
Greenland
44%
Hungary
44%
And Iceland
44%
indonesia
44%
Israel
44%
Italy
44%
Jordan
44%
Korea
44%
Laos
44%
Lebanon
44%
Luxembourg
44%
Mongolia
44%
Too Puertro Rico
44%
Russia
44%
Scotland
44%
The Netherlands
44%
Turkey
44%
Afghanistan
39%
Algeria
39%
and Bahrain
39%
Then Bangladesh
39%
Benin
39%
and Bhutan
39%
Bulgaria
39%
Burma
39%
Congo
39%
Czechoslovakia
39%
Guinea
39%
India
39%
and Iran
39%
Iraq
39%
Japan
39%
Kampuchea
39%
Kuwait
39%
Malaysia
39%
Monaco
39%
Nepal
39%
New Zealand
39%
Oman
39%
Pakistan
39%
Poland
39%
and Portugal
39%
Romania
39%
Saudi Arabia
39%
Swaziland
39%
There's Syria
39%
Taiwan
39%
and Vietnam
39%
Yugoslavia
39%
Angola
33%
Asia
33%
Bermuda
33%
Burundi
33%
Carribean
33%
Cyprus
33%
Djibouti
33%
Ethiopia
33%
Fiji
33%
Gambia
33%
Ghana
33%
Lesotho
33%
Liechtenstein
33%
Malta
33%
Morocco
33%
Mozambique
33%
the Philippine Islands
33%
Sierra Leone
33%
Somalia
33%
Sri Lanka
33%
Now In One Piece Switzerland
33%
Thailand
33%
Tunisia
33%
Zambia
33%
Australia
28%
and Borneo
28%
Botswana
28%
Chad
28%
And Gabon
28%
guinea Bissau
28%
Hong Kong
28%
Kenya
28%
And Liberia
28%
Madagascar
28%
And Malawi
28%
And Mali
28%
Mauritania
28%
New Guinea
28%
Is Gone Niger
28%
Nigeria
28%
and Palestine
28%
Qatar
28%
Senegal
28%
The Spanish Sahara
28%
Sudan
28%
Sumatra
28%
Tanzania
28%
and Tibet
28%
Togo
28%
Then Transylvania
28%
Uganda
28%
Zimbabwe
28%
and Algiers
22%
Cameroon
22%
and Cayman
22%
Crete
22%
Dahomey
22%
Libya
22%
Namibia
22%
Rwanda
22%
Zaire
22%
Both Yemens
17%
Mahore
11%
Abu Dhubi
0%
No matching quizzes found
Score Distribution
Percent of People with Each Score
Percentile by Number Answered
Your Score History
You have not taken this quiz